000 00779nam a22002177a 4500
999 _c1564
_d1564
003 AR-CdUCM
008 190227b ||||| |||| 00| 0 spa d
040 _aMUNICIPALIDAD PROVINCIAL DEL CUSCO
_cBIBLIOTECA MUNICIPAL DEL CUSCO
082 _a323 /
_bS71
100 _aSotomayor Perez, Jose
_93168
245 _aRevolución cultural proletaria :
_ben refutación de las falacias de un revisionista /
260 _aLima :
_bLima democracia ,
_c1967.
300 _a116 páginas ;
_c18 cm.
505 _aMarxismo, leninismo y revolución -- La revolución proletaria -- el partido de la clase obrera...
650 _aMarxismo.
_924
650 _aRevolución.
_9844
650 _aLeninismo.
_9845
650 _aClase obrera.
_95867
942 _2ddc
_cLIBROS
945 _awfj
_d2019-02-27